000 01430nam a2200349 i 4500
003 EG-GICUC
005 20260121101506.0
008 251215s2011 ua ||||fr|||| 000 0 ara d
040 _a EG-GICUC
_bara
_c EG-GICUC
_d EG-GICUC
_erda
041 _aara
082 0 4 _221
_a343.46
_bج م . م
092 0 4 _221
099 _aLaw1 10 343.46 ج م . م 2 ed - 2011
100 0 _aجميل عبدالباقي الصغير
_eمؤلف.
245 1 2 _aالمواجهة الجنائية لقرصنة البرامج التلفزيونية المدفوعة /
_cجميل عبدالباقي الصغير.
250 _aالطبعة الثانية
264 1 _aالقاهرة :
_bدار الهضة العربية,
_c2011.
300 _a111 صفحة ؛
_c24 سم
336 _2rda content
_atext
337 _2rda media
_aComputer
338 _2rda carrier
_aOnline Resource
504 _a. 106-95ببليوجرافيا: صفحات.
546 _aالنص أغلبه باللغة العربية بعض النصوص الإنجليزية والفرنسية
650 1 4 _aالتشريعات المتعلقة بتقنية المعلومات
_2qrmak
650 1 4 _aاركان الجريمة
_2qrmak
650 1 4 _aالسلوك الإجرامي
650 1 4 _aالقصد الجنائي = العمد
651 1 _2qrmak
856 4 0 _uhttps://fll.law.cu.edu.eg/fulltext/bks/B10-07028.pdf
905 _a79
_eHassnaa
942 _2ddc
_cBK
_e21
_n0
999 _c50651
_d50651